Score 0/33 Timer 04:00
0 Plays Today
Clue 4-Letter Word % Correct
• Elton who wrote the music ••JOHN•
97.1%
Become a member of a clubJOIN
95.1%
Actor Bean or ConnerySEAN
94.2%
Eight plus oneNINE
93.8%
Result of cryingTEAR
93.7%
Of great heightTALL
93.5%
Cut of meatLOIN
93.5%
Blue-green colorTEAL
93.4%
StoryTALE
93.3%
• Simba's uncle ••SCAR•
92.3%
Where two pieces of fabric meetSEAM
92.2%
Relate a storyTELL
92.2%
CruelMEAN
92.1%
Cook meat on the outsideSEAR
91.9%
Adhesive stripTAPE
91.3%
Crazy personLOON
91.3%
PoliteNICE
90.4%
Clue 4-Letter Word % Correct
• Simba's love interest ••NALA•
90.3%
• Disney's 'The [First] [Last]' ••LION•
89.7%
Back of the neckNAPE
89.4%
• Disney's 'The [First] [Last]' ••KING•
88.1%
Valley in CaliforniaNAPA
87.9%
Indy 500, e.gRACE
87.8%
Action intended to defraudSCAM
87.5%
A very large partyGALA
86.1%
• Tim who wrote the lyrics ••RICE•
85.4%
A strong windGALE
84.3%
Wail in pain or passionMOAN
83.2%
Old term for cattleKINE
81.2%
Heavy breath soundRALE
78.5%
Brand of high-end faucetsMOEN
71.3%
Joe McCarthy's lawyer RoyCOHN
69.8%
Ethan or Joel the movie directorCOEN
69.1%

Today's Daily Dose

Remove Ads.
Support Sporcle.
Get the best of Sporcle when you Go Orange. This ad-free experience offers more features, more stats, and more fun while also helping to support Sporcle. Thank you for becoming a member.

You're not logged in!

Compare scores with friends on all Sporcle quizzes.
OR
Log In

Show Comments

Extras

Top Quizzes Today


Score Distribution

Your Account Isn't Verified!

In order to create a playlist on Sporcle, you need to verify the email address you used during registration. Go to your Sporcle Settings to finish the process.

Report this User

Report this user for behavior that violates our Community Guidelines.

Details: